000 01482nam a2200385 c 4500
999 _c204291
_d204291
003 BLK
005 20250212154251.0
008 180411b bul|||||r ||||||| ||bul||
010 _aKNG00213848000
020 _a978-619-02-0092-5
040 _aBLK
041 _aBUL
_cBUL
072 7 _2bullib
_aН83
_xЧужда художествена литература Н
080 _aПортугалска литература
_b821.134.3
_z821.134.3
100 1 _aСарамаго, Жозе
_eпърви автор
_gСарамагу, Жузе
_9118946
139 _aСарамагу, Жузе
_bС 20
245 1 0 _aДвойникът
_bРоман
_cЖозе Сарамаго; * Жузе Сарамагу; прев. от португ. Илияна Чалъкова.
257 _aPG
260 _bКолибри
_c2017
_fСофия : Инвестпрес
300 _a366 с.
_c20 см
380 _aX
490 1 _aСъвременна европейска проза
500 _aОриг. загл. O homem duplicado / Jose Saramago.
653 _aромани
659 _aН
700 1 _aСарамагу, Жузе
_e*
_9374887
700 1 _aЧалъкова, Илияна
_eпрев. от португ.
_9383816
852 _aЦб 289903
856 4 _qpdf
856 4 _qpdf
942 _cKNG
_n0
_013
944 _aCR
_c30.10.2017
_lМинев Младен
_k30530
944 _aED
_c08.11.2017
_lф /
_kЛюдмила_Стоянова
999 _d204291